000 00600nam a22001937a 4500
999 _c7474
_d7474
003 AR-CdUCM
008 190320b ||||| |||| 00| 0 spa d
040 _aMUNICIPALIDAD PROVINCIAL DEL CUSCO
_cBIBLIOTECA MUNICIPAL DEL CUSCO
082 _a575.1 /
_bS21
100 _aSánchez-Monge y Paralleda, Enrique
_921078
245 _aDiccionario de genética /
260 _aLa Habana :
_bRevolucionaria,
_c1979.
300 _a152 paginas ;
_c23 cm.
505 _aContenido :Diccionario analítico ...
650 _aGenética
_95063
650 _aDiccionarios
_95105
942 _2ddc
_cLIBROS
945 _arum